|
|
|
|
| LEADER |
00000cam a2200000 c 4500 |
| 001 |
039314847 |
| 003 |
DE-627 |
| 005 |
20260206195412.0 |
| 007 |
tu |
| 008 |
850101s1976 fr ||||| m 00| ||fre c |
| 010 |
|
|
|a 77560609
|
| 020 |
|
|
|a 2082108058
|9 2-08-210805-8
|
| 035 |
|
|
|a (DE-627)039314847
|
| 035 |
|
|
|a (DE-603)026908034
|
| 035 |
|
|
|a (DE-576)005353246
|
| 035 |
|
|
|a (DE-599)GBV039314847
|
| 035 |
|
|
|a (OCoLC)2977439
|
| 035 |
|
|
|a (OCoLC)310474380
|
| 035 |
|
|
|a (OCoLC)02977439
|
| 040 |
|
|
|a DE-627
|b ger
|c DE-627
|e rakwb
|
| 041 |
|
|
|a fre
|h pol
|
| 044 |
|
|
|c XA-FR
|
| 050 |
|
0 |
|a HN440.M26
|
| 082 |
0 |
|
|a 364/.944/361
|q OCLC
|
| 082 |
0 |
|
|a 364.944361
|
| 084 |
|
|
|a NR 8720
|2 rvk
|0 (DE-625)rvk/130128:
|
| 084 |
|
|
|a NM 9150
|2 rvk
|0 (DE-625)rvk/126476:
|
| 100 |
1 |
|
|a Geremek, Bronisław
|d 1932-2008
|0 (DE-588)119100789
|0 (DE-627)079893635
|0 (DE-576)161092144
|4 aut
|
| 109 |
|
|
|a Geremek, Bronisław 1932-2008
|a Geremek, Bonisław 1932-2008
|a Lewartow, Bronisław 1932-2008
|a Geremek, Bronislaw 1932-2008
|
| 240 |
1 |
0 |
|a Ludzie marginesu w sredniowiecznym paryzu <franz.>
|
| 245 |
1 |
4 |
|a Les marginaux parisiens
|b aux XIV. et XV. siècles
|c Bronislaw Geremek
|
| 246 |
3 |
0 |
|a 14 14e 15 15e quinzième quatorzième
|
| 246 |
3 |
3 |
|a Les marginaux parisiens aux XIVe et XVe siècles
|
| 264 |
|
1 |
|a [Paris]
|b Flammarion
|c 1976
|
| 300 |
|
|
|a 353 S.
|b Kt
|
| 336 |
|
|
|a Text
|b txt
|2 rdacontent
|
| 337 |
|
|
|a ohne Hilfsmittel zu benutzen
|b n
|2 rdamedia
|
| 338 |
|
|
|a Band
|b nc
|2 rdacarrier
|
| 490 |
0 |
|
|a Collection l'histoire vivante
|
| 490 |
0 |
|
|a Révoltes et protestations
|
| 500 |
|
|
|a Translation of Ludzie marginesu w średniowiecznym Paryżu, XIV-XV wiek
|
| 502 |
|
|
|a Zugl.: Warschau, Univ., Diss., 1973
|
| 583 |
1 |
|
|a Archivierung prüfen
|c 20240324
|f DE-4165
|z 3
|2 pdager
|
| 650 |
|
0 |
|a Marginality, Social
|z France
|z Paris
|
| 650 |
|
0 |
|a Prostitution
|z France
|z Paris
|
| 650 |
|
0 |
|a Crime
|z France
|z Paris
|
| 651 |
|
0 |
|a Paris (France)
|x Moral conditions
|
| 655 |
|
7 |
|a Hochschulschrift
|0 (DE-588)4113937-9
|0 (DE-627)105825778
|0 (DE-576)209480580
|2 gnd-content
|
| 700 |
1 |
2 |
|a Geremek, Bronisław
|d 1932-2008
|t Ludzie marginesu w sredniowiecznym paryzu <franz.>
|
| 751 |
|
|
|a Warschau
|0 (DE-588)4079048-4
|0 (DE-627)106075659
|0 (DE-576)209210850
|4 uvp
|
| 856 |
4 |
2 |
|u http://scans.hebis.de/HEBCGI/show.pl?02690803_toc.pdf
|m V:DE-605;X:Imageware
|q application/pdf
|3 Inhaltsverzeichnis
|7 1
|
| 935 |
|
|
|i Blocktest
|
| 935 |
|
|
|h HEB
|i 0501
|
| 935 |
|
|
|h HEB
|i 0503
|
| 936 |
r |
v |
|a NR 8720
|b Paris
|k Geschichte
|k Landes- und Stadtgeschichte (Allgemeine, Deutsche und Österreichische Landes- und Stadtgeschichte, Ausländische Stadtgeschichte, Geschichte der Auslanddeutschen)
|k Geschichte ausländischer Städte
|k Europäische Städte
|k Städte P
|k Paris
|0 (DE-627)1271492253
|0 (DE-625)rvk/130128:
|0 (DE-576)201492253
|
| 936 |
r |
v |
|a NM 9150
|b Frankreich
|k Geschichte
|k Geschichte des Mittelalters
|k Geschichte der auswärtigen Staaten und Völker
|k Europäische Staaten und Völker
|k Frankreich
|0 (DE-627)1271463490
|0 (DE-625)rvk/126476:
|0 (DE-576)201463490
|
| 936 |
s |
n |
|a n100
|2 mzub
|
| 936 |
s |
n |
|a m200
|2 mzub
|
| 951 |
|
|
|a BO
|
| ELC |
|
|
|b 1
|
| LOK |
|
|
|0 000 xxxxxcx a22 zn 4500
|
| LOK |
|
|
|0 001 3104622264
|
| LOK |
|
|
|0 003 DE-627
|
| LOK |
|
|
|0 004 039314847
|
| LOK |
|
|
|0 005 20020606000000
|
| LOK |
|
|
|0 008 910503||||||||||||||||ger|||||||
|
| LOK |
|
|
|0 040
|a DE-21
|c DE-627
|d DE-21
|
| LOK |
|
|
|0 852
|a DE-21
|
| LOK |
|
|
|0 852 1
|c KB 8 A 999
|9 00
|
| LOK |
|
|
|0 935
|a krim
|
| LOK |
|
|
|0 936ln
|a k9.4
|
| LOK |
|
|
|0 939
|a 03-05-91
|b l01
|
| ORI |
|
|
|a SA-MARC-krimdoka001.raw
|
| SIG |
|
|
|a UB: KB 8 A 999
|